000
00336nam a22001457a 4500
008
221110b ||||| |||| 00| 0 eng d
020
_a
2900323055702
041
_a
eng
080
_2
SEVENTH EDITION
_a
159.9
082
_a
159.9 SEI
100
_a
25
101
_a
PSI
245
_a
PHYSICAL EXAMINATION
_c
SEIDEL M.H
942
_2
udc
_c
BK
999
_c
58843
_d
58843